00477nam a2200133Ia 4500008004100000041000800041100002900049245007100078260003100149300000800180700003500188999001900223952010100242250110s9999 xx 000 0 und d aeng aChothe Pratima. 9182531 aLandscape Design Proposal For Sajjangad Fort, Satara, Maharashtra. bBNCA M Arch LA, Punec2018 a28p aGuide Name: Adkar Neha9210805 c364219d364219 00104070aBNCAbBNCAd2018-06-04l0pBNCA-PR-1719r2025-01-10 00:00:00w2025-01-10yPRzPR1719